[Event "Interzonal-16"]
[Site "Biel"]
[Date "1993.??.??"]
[Round "7"]
[White "Sherzer, Alex"]
[Black "Hug, Werner"]
[Result "0-1"]
[WhiteElo "2500"]
[BlackElo "2430"]
[Annotator "Knaak,R"]
[PlyCount "82"]
[EventDate "1993.07.16"]
[EventType "swiss"]
[EventRounds "13"]
[EventCountry "SUI"]
[SourceTitle "CBM 037"]
[Source "ChessBase"]
[SourceDate "1993.12.01"]
[SourceVersion "1"]
[SourceVersionDate "1993.12.01"]
[SourceQuality "1"]

1. e4 e6 2. d4 d5 3. Nc3 Bb4 4. e5 c5 5. a3 Ba5 6. b4 cxd4 7. Nb5 Bc7 8. Bg5 $2
(8. f4) 8... Ne7 (8... f6 $5 9. exf6 gxf6 10. Qh5+ Ke7 11. Bh4 a5 (11... e5 12.
Nf3 Nc6 13. Nxc7 Qxc7 14. O-O-O Be6 15. b5 Na5 16. Qxe5 Nb3+ 17. Kb1 Qc3 18.
cxb3 $10 {Stopher,HE-Nevestveit,O/Thematic corres/1989}) 12. Qd1 axb4 13. axb4
Rxa1 14. Qxa1 Nc6 15. Qa3 Bd6 $17 {Meder,U-Hauser,J/Thematic corres/1989/}) 9.
f4 Nbc6 10. Nf3 a6 11. Nbxd4 (11. Nxc7+ Qxc7 12. Bxe7 Kxe7 $1 $17) 11... Nxd4
12. Nxd4 Bb6 13. c3 Qc7 14. Rc1 Ng6 $17 {>< Bg5} 15. c4 dxc4 16. Rxc4 Qd7 {
/\ 17...h6} 17. Nf3 Qxd1+ 18. Kxd1 h6 19. Bh4 Bd7 20. Bg3 O-O 21. Bd3 Bb5 22.
Rc3 Ne7 23. Be4 (23. Bxb5 axb5 24. Kc2 Nd5 $19) 23... Rfd8+ 24. Kc1 Nd5 25.
Bxd5 Rxd5 26. Kb2 Rad8 27. Rhc1 a5 $19 28. bxa5 Bxa5 29. Rc8 Bc6 30. Rxd8+ Rxd8
31. Ne1 Be4 32. Nf3 Rd3 33. Rc8+ Kh7 34. Be1 Bxf3 35. Bxa5 Bxg2 36. Rc2 Bd5 37.
Rf2 Rb3+ 38. Kc2 Rxa3 39. Bc3 b5 40. f5 exf5 41. Kb2 Ra2+ 0-1

[Event "Isle of Lewis"]
[Site "Isle of Lewis"]
[Date "1995.??.??"]
[Round "6"]
[White "Polgar, Judit"]
[Black "Motwani, Paul"]
[Result "1-0"]
[WhiteElo "2630"]
[BlackElo "2510"]
[Annotator "Knaak,R"]
[PlyCount "77"]
[EventDate "1995.??.??"]
[EventType "tourn"]
[EventRounds "6"]
[EventCountry "SCO"]
[EventCategory "14"]
[SourceTitle "CBM 049"]
[Source "ChessBase"]
[SourceDate "1995.12.01"]
[SourceVersion "1"]
[SourceVersionDate "1995.12.01"]
[SourceQuality "1"]

1. e4 e6 2. d4 d5 3. Nc3 Bb4 4. e5 c5 5. a3 Bxc3+ 6. bxc3 Ne7 7. Qg4 Qc7 8.
Qxg7 Rg8 9. Qxh7 cxd4 10. Ne2 Nbc6 11. f4 Bd7 12. Qd3 dxc3 13. Qxc3 O-O-O (
13... Rc8 $6 14. Rb1 Nf5 15. Bd2 a6 $6 (15... b6 $6 16. g3 $1 Qb7 17. Qd3 Nce7
18. Rg1 {/\ g4 Karpov,An-Farago,I/Wijk/1987/1-0/}) 16. Rg1 $1 $16 b5 17. g4 Nh4
18. Rg3 Qb6 19. Qd3 Rh8 20. Rh3 Ne7 21. Nd4 Rc4 22. c3 Ra4 23. Qg3 Nhg6 24.
Rxh8+ Nxh8 25. Bd3 Nhg6 26. h4 Rxa3 27. h5 $18 Nf8 28. h6 Neg6 29. f5 Ne7 30.
Qh2 exf5 31. h7 Neg6 32. gxf5 Nh8 33. Qh5 {Short,N-Kosten,A/Hastings A1 ;CBM
11 1988/1-0 (43)}) (13... Nf5 14. Rb1 O-O-O 15. Rg1 d4 (15... f6 16. g4 Nh6 17.
exf6 Rxg4 18. Rxg4 Nxg4 19. f7 $16) 16. Qd3 f6 $5 (16... Rg6 17. g4 Rdg8 18.
gxf5 Rxg1 19. Nxg1 Rxg1 20. Kf2 Rg8 21. f6 {Isaev,D-Georghiou,A/Moscow olm ;
EXP 44/1-0/1994/}) (16... Rh8 17. g4 Nh4 18. Ng3 f5 19. exf6 e5 20. f5 e4 21.
Nxe4 Ne5 22. Qb3 Bc6 23. Ng5 Nhf3+ 24. Kf2 Rxh2+ 25. Kg3 Nd3+ {0-1 Schmidt,
B-Kuhn,A/Wiesbaden op (07) ;GER 02 1988}) (16... Na5 $6 17. Rb4 $1 (17. g4 Ba4
$5 18. gxf5 $5 (18. c3 Bc2 $3 19. Qxc2 d3 20. Qa2 Qc5 21. Rg2 Ne3 $1 $19) 18...
Bxc2 19. Qb5 Rxg1 20. Nxg1 Bxb1 21. Qxb1 Nb3 22. Kd1 {Borner,D-Von Allmen,A/
SWZ-chT ;TD 93\08 1993/1-0 (50)}) 17... Bc6 18. Ng3 $16) (16... Nce7 $5 17. g4
(17. Rb4 $2 {Die richtige Reaktion auf 16...Sa5 ist jetzt nicht so gut..} Nd5
18. Rc4 Bc6 19. Nxd4 $6 (19. g4 Nfe3 20. Bxe3 (20. Rxd4 Bb5 $1) 20... dxe3 $17)
19... Nb6 {Renet,O-Huebner,R/Deutschland Cup ;CBM 16/0-1/1989/}) 17... Ba4 $1
18. Rb2 $1 $36) 17. g4 Nh4 {B.Nikolic-Plchut/corr/1989/i47/377} 18. exf6 $14 {
Hellers,F-Djurhuus,R/Skei; CBM 36/1-0/1993/ [Knaak]} e5 $5 19. f7 Rxg4 20. Rxg4
Bxg4 21. Bh3 Qd7 22. Bxg4 Qxg4 23. Qg3 Qh5 24. Rb3 e4 25. Qg7 d3 26. cxd3 Nf3+
27. Kf2 Qxh2+ 28. Qg2 Qxg2+ 29. Kxg2 exd3 30. Kxf3 dxe2 31. Re3 Rf8 32. Bb2
Rxf7 33. Rxe2 Kd7 34. Kg4 Ne7 35. Be5 Nc6 36. f5 Nxe5+ 37. Rxe5 Re7 {1/2-1/2
Hellers,F-Djurhuus,R/Gausdal Int (05) ;TD 92\08 1992}) 14. Rg1 (14. Ng3 Rh8 15.
Bd2 Rdg8 16. O-O-O Kb8 17. Bd3 Nc8 18. Rdg1 Nb6 19. Qb3 Rc8 20. Ne2 Na4 21. Bb4
Nxb4 22. Qxb4 Nc5 23. Kd2 a6 24. Rb1 d4 25. Nxd4 Rhd8 26. Qb6 Nxd3 27. cxd3 Ba4
28. Ke3 Qxb6 29. Rxb6 Rc3 30. Rhb1 Bb5 31. Nxb5 Rdxd3+ 32. Ke2 axb5 33. R6xb5
Rd7 34. R5b3 Rc2+ 35. Kf3 Rdd2 36. Rxb7+ Kc8 37. g3 {1-0 Spassky,B-Nogueiras,J/
Montpellier ct (11) ;CAND 1985}) (14. Rb1 {main line} d4 15. Qd3 Nf5 16. Rg1 {
cf. 13..Nf5 cf. 13...Nf5}) 14... d4 (14... Kb8 15. Rb1 Rc8 16. g4 Rh8 17. h3 d4
18. Qb2 Nd5 19. Rg3 b6 20. c4 dxc3 21. Nxc3 Nce7 22. Ne4 Ba4 23. Bd2 Bc2 24.
Rc1 Bxe4 25. Rxc7 Rxc7 26. Bd3 Bxd3 27. Rxd3 Ng6 28. Qd4 Rhc8 29. f5 Rc4 30.
Qf2 Nxe5 31. Qg3 Re4+ 32. Kd1 Kb7 33. fxe6 fxe6 34. Rb3 {Frick,R-Melas,R/
Moscow olm (04) LIE-CYP ;EXP 44 1994/0-1 (50)}) 15. Qc5 $5 {A new idea} (15.
Qd3 {normal}) 15... Be8 16. g4 Nd5 17. Rg3 Nb6 $2 (17... f6 $142 $5) 18. Bg2
Na4 19. Qc4 Nb6 20. Qd3 Qe7 21. g5 $1 Rh8 22. h3 Qc5 23. Bd2 Nc4 24. Rb1 a5 25.
Qb3 Rd7 26. Rd3 Rh4 27. Qb5 (27. Bc1 {Motwani /\Ne2-g3-e4}) 27... Qxb5 28. Rxb5
$18 Kc7 29. Rc5 Nxd2 30. Rxd2 Kb6 31. Rc4 Kb5 32. Bxc6+ bxc6 33. Rcxd4 Rxd4 34.
Rxd4 c5 35. c4+ Kb6 36. Rd8 Bc6 37. Rf8 Rh7 38. h4 Be4 39. Ng3 1-0

[Event "Porz Citroen-Cup"]
[Site "Cologne"]
[Date "1990.??.??"]
[Round "3"]
[White "Kovalev, Andrei"]
[Black "Uhlmann, Wolfgang"]
[Result "1/2-1/2"]
[WhiteElo "2500"]
[BlackElo "2505"]
[Annotator "Knaak,R"]
[PlyCount "35"]
[EventDate "1990.12.??"]
[EventType "tourn"]
[EventRounds "9"]
[EventCountry "GER"]
[EventCategory "7"]
[SourceTitle "CBM 021"]
[Source "ChessBase"]
[SourceDate "1991.04.01"]
[SourceVersion "1"]
[SourceVersionDate "1991.04.01"]
[SourceQuality "1"]

1. e4 e6 2. d4 d5 3. Nc3 Bb4 4. e5 c5 5. a3 Bxc3+ 6. bxc3 Ne7 7. Qg4 O-O 8. Bd3
f5 9. exf6 Rxf6 10. Bg5 Rf7 11. Qh5 g6 12. Qd1 Qa5 (12... Nbc6 13. Nf3 Qc7 $5 {
gefällt mir besser, siehe Khalifman-Brenninkmeijer}) 13. Bd2 Nbc6 14. Nf3 c4
15. Be2 Nf5 16. O-O Nd6 17. Ng5 Rf8 18. f4 $14 (18. f4 h6 $6 19. Nh3 Ne4 20.
Bf3 Nxd2 21. Qxd2 $16) 1/2-1/2

[Event "Rostock-10 GM Group"]
[Site "Rostock"]
[Date "1984.08.15"]
[Round "5"]
[White "Lanc, Alois"]
[Black "Knaak, Rainer"]
[Result "1/2-1/2"]
[WhiteElo "2390"]
[BlackElo "2490"]
[Annotator "Knaak,R"]
[PlyCount "86"]
[EventDate "1984.08.11"]
[EventType "tourn"]
[EventRounds "9"]
[EventCountry "DDR"]
[EventCategory "8"]
[SourceTitle "MCL"]
[Source "ChessBase"]
[SourceDate "1999.07.01"]
[SourceVersion "1"]
[SourceVersionDate "1999.07.01"]
[SourceQuality "1"]

1. e4 e6 2. d4 d5 3. Nc3 Bb4 4. e5 c5 5. a3 Bxc3+ 6. bxc3 Ne7 7. Qg4 O-O 8. Nf3
Nbc6 9. Bd3 f5 10. exf6 Rxf6 11. Bg5 Rf7 12. Bxe7 Rxe7 13. Qh4 g6 $1 (13... h6
14. O-O c4 15. Bg6 Bd7) 14. O-O c4 15. Be2 Qf8 (15... Kg7 $5) 16. Rfe1 Bd7 17.
Bf1 Rae8 18. Re2 Rg7 19. Qg5 Rf7 20. h4 Ree7 21. Rae1 Rf5 22. Qd2 Qf6 23. Nh2
Qxh4 24. g3 Qh5 25. g4 Rg5 26. f3 Qh4 27. Rg2 h5 28. f4 Rxg4 29. Nxg4 hxg4 30.
Re3 Rh7 31. Rh2 Qxh2+ 32. Qxh2 Rxh2 33. Kxh2 Ne7 34. Rg3 Ba4 35. Rxg4 Bxc2 36.
Rg2 Bf5 37. Rb2 b6 38. a4 Nc6 39. Bh3 Bxh3 40. Kxh3 Kg7 41. Kg4 Na5 42. Re2 Kf6
43. Rh2 Kg7 1/2-1/2

[Event "EU-Cup 09th Group6"]
[Site "Clichy"]
[Date "1993.09.18"]
[Round "2"]
[White "Dutreeuw, Marc"]
[Black "Matlak, Marek"]
[Result "1/2-1/2"]
[WhiteElo "2455"]
[BlackElo "2430"]
[Annotator "Knaak,R"]
[PlyCount "65"]
[EventDate "1993.09.17"]
[EventType "team-k.o."]
[EventRounds "3"]
[EventCountry "FRA"]
[SourceTitle "EXT 2020"]
[Source "ChessBase"]
[SourceDate "2019.10.17"]
[SourceVersion "1"]
[SourceVersionDate "2019.10.17"]
[SourceQuality "1"]
[WhiteTeam "Antwerpse Koninklijke OSK"]
[BlackTeam "Karvina SK Banik CSA"]
[WhiteTeamCountry "BEL"]
[BlackTeamCountry "CZE"]

1. e4 e6 2. d4 d5 3. Nc3 Bb4 4. e5 c5 5. a3 Bxc3+ 6. bxc3 Qc7 7. Qg4 Ne7 8.
Qxg7 Rg8 9. Qxh7 cxd4 10. Ne2 Nbc6 11. f4 Bd7 12. Qd3 dxc3 13. Nxc3 a6 14. Ne2
Nf5 (14... Rc8 $5) 15. h3 (15. Rb1) 15... Na5 16. g4 Bb5 17. Qc3 Qxc3+ 18. Nxc3
Bxf1 19. Rxf1 Nd4 20. Rf2 $146 (20. Ra2 Rc8 21. Bd2 Rh8 22. Ne2 Rxc2 23. Rxc2
Nxc2+ 24. Kd1 Nxa3 25. Bxa5 Nc4 26. Bd2 Rxh3 27. Bc1 b5 $44 {Timman,J-Short,N/
Rotterdam/1989/}) 20... Rh8 $1 (20... Rc8 21. Bb2 Nc4 22. O-O-O $16) 21. Bb2
Rxh3 22. Nxd5 O-O-O (22... Rh1+ $2 23. Kd2 Ndb3+ 24. cxb3 Nxb3+ 25. Ke2 $1 Rxa1
26. Nc7+ Kd7 27. Nxa8 $18) 23. Bxd4 Rxd5 $10 24. c3 Nb3 25. Rd1 Nxd4 26. cxd4
Rxa3 27. f5 Kd7 28. fxe6+ Kxe6 29. Rf6+ Ke7 30. Rb6 Re3+ 31. Kf2 Rexe5 32.
Rxb7+ Kf8 33. Kf3 1/2-1/2

[Event "ISL-FRA"]
[Site "Reykjavik"]
[Date "1993.??.??"]
[Round "5"]
[White "Jonsson, Bjorgvin"]
[Black "Apicella, Manuel"]
[Result "1-0"]
[WhiteElo "2400"]
[BlackElo "2495"]
[Annotator "Knaak,R"]
[PlyCount "71"]
[EventDate "1993.??.??"]
[EventType "schev"]
[EventRounds "10"]
[EventCountry "ISL"]
[SourceTitle "CBM 035"]
[Source "ChessBase"]
[SourceDate "1993.08.01"]
[SourceVersion "1"]
[SourceVersionDate "1993.08.01"]
[SourceQuality "1"]

1. e4 e6 2. d4 d5 3. Nc3 Bb4 4. e5 c5 5. a3 Bxc3+ 6. bxc3 Ne7 7. Qg4 Qc7 8.
Qxg7 Rg8 9. Qxh7 cxd4 10. Ne2 Nbc6 11. f4 Bd7 12. Qd3 dxc3 13. Qxc3 Nf5 14. Rb1
O-O-O 15. Rg1 d4 16. Qd3 {Eine wichtige Stellung, die über verschiedene
Reihenfolgen erreichbar ist. An important position, reachable over different
moveorders.} Na5 (16... Kb8 $2 17. g4 Nh4 18. Rg3 Rh8 19. Bd2 b6 20. a4 Ka8 21.
c3 dxc3 22. Nxc3 Bc8 23. Nb5 Qe7 24. Nd6 f6 25. Qe4 Bb7 26. Nxb7 Qxb7 27. Ba6 {
Schlosser,M-Quillan,G/Prestwich (4)/1990/1-0 (34)}) (16... Nxe5 $2 17. fxe5
Qxe5 18. Bf4 Qf6 19. Rxb7 $1 e5 20. Bxe5 Qxe5 21. Qa6 {Lizan,L-Salminen,J/WT/
M\402 CCYB 4\189/1989/1-0 (21)}) (16... Nce7 $6 17. g4 $1 (17. Rb4 $2 Nd5 18.
Rc4 Bc6 19. Nxd4 $6 Nb6 $1 20. Rxc6 bxc6 21. Qa6+ Kb8 22. Nxf5 exf5 23. Bd3 f6
$1 $19 {Renet,O-Huebner,R/Deutschland Cup (2)/1989/0-1 (31)}) 17... Nh4 (17...
Ba4 $5 18. Rb2 $1 Ne3 19. Bxe3 dxe3 20. Qxe3 Bxc2 21. Qxa7 $16) 18. Rg3 Ba4 19.
Rb2 a6 $6 20. Nxd4 $16 Nc6 21. Be3 Qa5+ 22. Kf2 Bb5 23. c4 Ba4 24. Nxc6 Bxc6
25. Qb3 Rd7 26. Bb6 Rd2+ 27. Be2 {Hellers,F-Hjelmas,L/Gausdal International (3)
/1992/1-0 (30)}) (16... Rh8 $5 17. g4 Nh4 18. Ng3 $6 f5 19. exf6 e5 $1 20. f5
e4 $1 21. Nxe4 Ne5 22. Qb3 Bc6 23. Ng5 Nhf3+ 24. Kf2 Rxh2+ 25. Kg3 {Schmidt,
B-Kuhn,A/Wiesbaden op (7)/1988/0-1 (25)}) (16... Be8 $5 17. g4 Nh4 $1 (17...
Nfe7 18. Rg3 f6 19. exf6 Nd5 20. g5 Bg6 (20... e5 $5) 21. Qc4 Rge8 22. Bd2 e5
23. Bh3+ Kb8 24. f5 Bh5 25. Bg2 e4 26. Bf4 Nxf4 27. Nxf4 {Timman,J-Martin,B/
Manila olm (01.07.1)/1992/1-0 (41)}) 18. Rg3 (18. g5 $6 Rh8 19. Ng3 Ng6 $1 20.
Rg2 Ncxe5 $1 $17 21. fxe5 Nxe5 22. Qe2 d3 23. cxd3 Nxd3+ 24. Qxd3 Rxd3 25. Bxd3
Rxh2 26. Kf1 $1 Qc3 27. Be4 {Machala,R (CSR)-Sorensen,T (DEN)/IV EU Ch/1990/
0-1 (31)}) 18... f6 $1 19. exf6 e5 $5 (19... Bg6 20. Qc4 Bf7 {/\ e5-/+
Nogueiras}) 20. g5 $1 Bf7 $1 21. Bh3+ $6 (21. Rh3 Bg6 22. Qc4 Bf7 23. Qa4 $13 {
Nogueiras}) 21... Kb8 22. fxe5 $2 Nxe5 $19 {Sznapik,A-Nogueiras,J/Thessaloniki
(ol)/1988/0-1 (29)}) (16... f6 17. g4 (17. exf6 $6 e5 18. g4 Nd6 19. h3 $6 Be6
20. fxe5 Nxe5 21. Qd1 d3 $1 22. cxd3 Ne4 23. Bg2 Nxd3+ 24. Qxd3 Rxd3 25. Bxe4
Qa5+ 26. Rb4 Rxh3 $5 27. Bxb7+ {Bryson,DM-Handel,H/NPSF 40 1984-87 (CCYB 02)/
1984/0-1 (62)}) 17... Nh4 (17... Nh6 $6 18. exf6 Rxg4 19. Rxg4 Nxg4 20. f7 $1
Rf8 (20... e5 21. Bg2 Be6 22. h3 Nf6 23. fxe5 Nxe5 (23... Nd7 24. Bf4 Ndxe5 25.
Bxe5 Qa5+ 26. Kd1 Qxe5 27. Bxc6 {Tischbierek,R-Paehtz,T/Halle/1987/1-0 (34)})
24. Qxd4 Bd5 25. Bxd5 Qa5+ {Balashov,Y-Kosten,A/Minsk 42/366/1986/1-0 (26)})) (
17... fxe5 18. gxf5 Rxg1 19. Nxg1 exf5 20. Ne2 Be6 21. Bd2 e4 22. Qg3 e3 23.
Bb4 Kb8 24. Qh4 Rc8 25. Qf6 Qd7 26. Bg2 b6 27. Rd1 {Cladouras,P-Heyken,E/
Budapest Elekes/1989/1-0 (34)}) 18. exf6 (18. Qg3 Rh8 19. exf6 e5 (19... Be8
20. Kf2 Na5 21. Bb2 Nc4 22. Bxd4 Nd2 23. Bg2 Nxg2 24. Qxg2 Bc6 25. Be5 Qd7 26.
Rb4 Bxg2 27. Rxg2 {Ott,F-Knoedler,D/WÜRT-ch Giengen (4)/1987/0-1 (30)}) 20. f5
Qa5+ $1 21. Bd2 Qc5 22. Bg5 e4 $1 23. Bxh4 e3 24. Bg2 Qxc2 $19 {Howell,
J-Jonsson,B/Hafnarfirdi (08)/1992/0-1 (26)}) 18... e5 19. f5 $6 (19. g5 $5 Bf5
20. Bh3 $1 {Antoszkiewicz}) (19. h3 $5 e4 (19... Rdf8) 20. Qxe4 d3 21. cxd3
Rge8 22. Qc4 Be6 23. Qc3 Nf3+ 24. Kf2 Nxg1 25. Kxg1 Qh7 26. f5 Bxf5 27. gxf5 {
Cladouras,P-Djurhuus,R/Gausdal Troll Masters (6)/1991/1-0 (41)}) (19. f7 $5
Rxg4 20. Rxg4 Bxg4 21. Bh3 $1 Qd7 $8 22. Bxg4 Qxg4 23. Qg3 Qh5 $8 24. Rb3 $1 e4
$1 25. Qg7 d3 $10 {Hellers,F-Djurhuus,R/Gausdal 55/290 [Djurhuus,R]/1992/0.5 
(37)}) 19... e4 $1 20. Qxe4 Rge8 21. Qd3 Ne5 22. Qb3 d3 $19 {B. Nikolic-Plchut/
corr/1989/i47/377}) 17. g4 (17. Rb4 $1 Bc6 (17... a6 18. a4 Qc5 {Rufenacht-van
Manen, corr 1988}) 18. Ng3 Nxg3 19. hxg3 Rg6 20. Be2 $16 Bd5 21. Rxd4 Nc6 22.
Ra4 Bxg2 23. Qc3 Bd5 24. Be3 $1 b6 25. Qb2 Ne7 26. Bf2 Rh8 27. Rd4 {
Antoszkiewicz,G-Eisenacher,H/Germany 1990/91 CCYB 5\139/1991/1-0 (33)}) 17...
Nh4 (17... Ba4 $1 18. Rb2 $1 (18. c3 $6 Bc2 $1 19. Qxc2 d3 20. Qa2 Qc5 $1 21.
Rg2 Ne3 $1 22. Bxe3 $6 Qxe3 $17 {(Nogueiras/Siero-Gonzalez) Hjartarson,
J-Nogueiras,J/Belfort/1988/0-1 (33)}) (18. gxf5 Bxc2 19. Qb5 Rxg1 20. Nxg1 Bxb1
21. Qxb1 Nb3 $13 {(Nogueiras/Seiro-Gonzalez)}) 18... Ne3 $1 19. Nxd4 $5 (19.
Bxe3 dxe3 20. Qc3 Rd2 21. Qxc7+ Kxc7 22. Rg3 Nc4 23. Ra2 Bxc2 24. Nc3 Bd3 25.
Bxd3 Rxd3 26. Nb5+ Kc6 27. Ke2 {Pieper,T-Heiling,T/2.BLS 8990 Markth'feld-Ulm 
[7]/1989/0.5 (46)}) 19... Nxc2+ $6 (19... Nac4 $1 20. Rxb7 Qa5+ $13) 20. Rxc2
Bxc2 21. Qxc2 Rxd4 22. Qxc7+ Kxc7 23. h4 $16 Nc4 24. h5 b5 25. g5 Kd7 26. Be2
a5 27. h6 {Casares Ripoll,F-Gallagher,B/Europe corres/1990/1-0 (32)}) 18. Rg3
$14 Ba4 19. Rb2 Qc5 20. Bd2 Nc6 (20... Nc4 $5 21. Rb4 b5 {/\ Ne3}) 21. Ng1 $5
Rh8 22. Qc4 $16 Qxc4 23. Bxc4 Ng6 24. Nf3 Nce7 25. Ng5 Be8 26. Ne4 Rxh2 27.
Nd6+ Rxd6 28. exd6 Rh1+ 29. Kf2 Ng8 30. Rg1 Rh2+ 31. Rg2 Rh1 32. f5 Ne5 33.
fxe6 Nxc4 34. d7+ Kd8 35. Rxb7 fxe6 36. Bg5+ 1-0

[Event "Elenite"]
[Site "Elenite"]
[Date "1993.??.??"]
[Round "10"]
[White "Smirin, Ilia"]
[Black "Dimitrov, Vladimir"]
[Result "1-0"]
[WhiteElo "2640"]
[BlackElo "2525"]
[Annotator "Knaak,R"]
[PlyCount "99"]
[EventDate "1993.??.??"]
[EventType "tourn"]
[EventRounds "11"]
[EventCountry "BUL"]
[EventCategory "14"]
[SourceTitle "CBM 038"]
[Source "ChessBase"]
[SourceDate "1994.02.01"]
[SourceVersion "1"]
[SourceVersionDate "1994.02.01"]
[SourceQuality "1"]

1. e4 e6 2. d4 d5 3. Nc3 Bb4 4. e5 c5 5. a3 Bxc3+ 6. bxc3 Ne7 7. h4 Nbc6 8. h5
h6 9. Nf3 Bd7 10. Bd3 Qa5 (10... Qc7) 11. Bd2 c4 12. Be2 $14 O-O-O 13. O-O Rdf8
(13... f5 $5 14. exf6 gxf6 15. Nh4 $13) 14. a4 Kb8 15. Qc1 Qc7 16. Re1 Nc8 17.
Qa3 a5 18. Rab1 b6 19. Qc1 Ka7 20. Ra1 Qd8 21. g3 Qe8 22. Kg2 N6e7 23. Qd1 Bxa4
24. Bc1 Bd7 $6 (24... Bc6) 25. Ba3 $44 Ka6 26. Qb1 Na7 27. Qb2 Nb5 28. Reb1
Rfg8 {/\ Nc8} 29. Nd2 {/\ Nxc4!} Bc6 30. Kg1 Nc8 31. Nxc4 $1 dxc4 32. Bxc4 Qd7
33. Bd6 Ncxd6 $5 (33... g6 34. Ra3 gxh5 35. Rb3 Ncxd6 36. exd6 Rg5 $13) 34.
exd6 Rb8 35. Ra3 Rhc8 36. Rb3 (36. Bf1 $5) 36... Qxd6 37. Bxb5+ (37. Rxb5 $2
Bxb5 38. Qxb5+ Kb7 $17) 37... Bxb5 38. Rxb5 $14 Rc4 39. Re5 (39. Qb3 $1 Qc6 (
39... Rcc8 $6 40. c4 Qxd4 41. c5 Qd8 42. cxb6 $18) 40. Rxa5+ $1 Kxa5 (40...
bxa5 41. Qxb8 {game}) 41. Ra1+ Qa4 $1 (41... Ra4 42. Qb4+ $16) 42. Rxa4+ Rxa4
43. c4 b5 $14) 39... Qc6 $2 (39... Ka7 40. Ra1 (40. Qb3 Qc7 $10) 40... Qc7 41.
Ra3 Rc8 $10) 40. Rxa5+ $1 bxa5 $6 (40... Kxa5 $1 41. Ra1+ Qa4 42. Rxa4+ Rxa4
$13) 41. Qxb8 Rxc3 42. d5 $5 exd5 43. Re1 Qc5 $2 (43... Qb7 44. Qe5 $44) 44.
Qa8+ $16 Qa7 (44... Kb5 45. Qb7+ Kc4 46. Re7 Kd4 47. Rxf7 $16) 45. Qxd5 Rxg3+
46. Kf1 Rc3 47. Re5 $1 $18 Qc7 48. Qa8+ Kb6 49. Qxa5+ Kb7 (49... Kc6 50. Qb5+
Kd6 51. Qd5#) 50. Rb5+ (50. Rb5+ Kc8 51. Qa8+ Kd7 52. Rb7 $18) 1-0

[Event "Lvov zt"]
[Site "Lvov"]
[Date "1990.??.??"]
[Round "?"]
[White "Minasian, Artashes"]
[Black "Lputian, Smbat G"]
[Result "0-1"]
[WhiteElo "2480"]
[BlackElo "2545"]
[Annotator "Knaak,R"]
[PlyCount "146"]
[EventDate "1990.02.??"]
[EventType "swiss"]
[EventRounds "9"]
[EventCountry "URS"]
[SourceTitle "CBM 018"]
[Source "ChessBase"]
[SourceDate "1990.10.01"]
[SourceVersion "1"]
[SourceVersionDate "1990.10.01"]
[SourceQuality "1"]

1. e4 e6 2. d4 d5 3. Nc3 Bb4 4. e5 c5 5. a3 Ba5 6. b4 cxd4 7. Nb5 Bc7 8. f4 Nh6
9. Nf3 Bd7 10. Nbxd4 {Kann weniger gefallen.} (10. Nfxd4 a6 11. Nxc7+ Qxc7 12.
Bb2 Nc6 13. Nb3 Ne7 14. Bd3 Bb5 $10 {Wang Zili-Hug,W/Luzern/WchT/1989/CBM16})
10... Nc6 11. c3 Bb6 12. Bd3 Nxd4 13. cxd4 a6 14. a4 Nf5 15. Bb2 Ne3 16. Qe2
Nc4 17. O-O Rc8 18. Bc1 Qe7 19. a5 Ba7 20. Rb1 f5 21. exf6 gxf6 22. Kh1 f5 23.
Bd2 O-O 24. b5 axb5 25. Bb4 Qf6 26. Bxf8 Rxf8 27. Ne5 Be8 28. Bxc4 dxc4 29. Qf3
Qg7 30. d5 exd5 31. Qxd5+ Kh8 32. Rf3 Qc7 33. Rg3 c3 34. Rc1 b4 35. Nd3 Bc6 36.
Qb3 Qxa5 37. Nxb4 Bd4 38. Rd1 Qc5 39. Nxc6 bxc6 40. Rgd3 Bf6 41. Rd7 Qf2 42.
Qc4 c5 43. Rf1 Qe3 44. Rf7 Rxf7 45. Qxf7 Qe7 46. Qd5 Qe2 47. Rg1 c2 48. Qxf5
Kg7 49. Qd7+ Kf8 50. Qc8+ Kg7 51. Qc7+ Be7 52. Qa7 Qe3 53. Qa1+ Bf6 54. Qc1 Qf2
55. Qa3 c4 56. Rc1 Qd2 57. h3 Kf7 58. Qa7+ Be7 59. Qg1 Bd6 60. Qf1 Kf6 61. Ra1
Qc3 62. Qc1 Qd4 63. Qf1 h5 64. Rc1 Qd2 65. Qg1 h4 66. Rf1 Kf5 67. Qa7 c1=Q 68.
Qf7+ Ke4 69. Qe6+ Kd3 70. Qxd6+ Ke2 71. Rxc1 Qxd6 72. f5 Qf4 73. Rc3 Kd2 0-1

[Event "Nikolaev zt"]
[Site "Nikolaev"]
[Date "1995.??.??"]
[Round "3"]
[White "Zulfugarli, Magomed"]
[Black "Shulman, Yuri"]
[Result "0-1"]
[WhiteElo "2400"]
[BlackElo "2490"]
[Annotator "Knaak,R"]
[PlyCount "98"]
[EventDate "1995.03.??"]
[EventType "swiss"]
[EventRounds "11"]
[EventCountry "UKR"]
[SourceTitle "CBM 047"]
[Source "ChessBase"]
[SourceDate "1995.08.01"]
[SourceVersion "1"]
[SourceVersionDate "1995.08.01"]
[SourceQuality "1"]

1. e4 e6 2. d4 d5 3. Nc3 Bb4 4. e5 c5 5. a3 Bxc3+ 6. bxc3 Ne7 7. Qg4 Qc7 8. Bd3
cxd4 9. Ne2 dxc3 10. Qxg7 Rg8 11. Qxh7 Qxe5 12. Bf4 Qf6 13. h4 Nbc6 (13... Rh8
$2 14. Bg5 $1 $16) (13... e5 $2 14. Bg5 Qb6 (14... Qg7 15. Qxg7 Rxg7 16. Bf6
$16) 15. Bxe7 Rxg2 16. Bg5 $16) (13... Rxg2 $2 14. Kf1 $1 $16) 14. Bg5 Qe5 15.
Bf4 $5 (15. Rh3 $5 d4 (15... Rh8 16. f4 Rxh7 17. fxe5 $16) 16. f4 Qc7 $2 (16...
Qc5 17. Ng3 $16) 17. Nxd4 $1 Bd7 (17... Nxd4 18. Bxe7 Rxg2 19. Bg5 Rg1+ 20. Kf2
Rxa1 21. Qh8+ Kd7 22. Qxd4+ $18) 18. Nb5 Qb8 19. Nxc3 f5 20. Be2 Rf8 21. Qg7 {
1-0 Den Ouden,A-Mostert,H/corres 1971}) (15. Qh6 $1 Bd7 16. Qf6 $1 $16 {
(Keres 69, eco 74/81)} Qxf6 (16... Rc8 $2 17. f4 $1 Qe3 (17... Qxf6 18. Bxf6 {
/\ 19.h5+-}) 18. h5 e5 19. h6 e4 20. Bb5 Rxg5 21. h7 $1 Bg4 22. Qxg5 Qd2+ 23.
Kf1 Bxe2+ 24. Bxe2 Nd4 25. h8=Q+ {1-0 Geller,E-Sokolsky,A/USSR-ch Moscow 1950})
17. Bxf6 e5 18. Bh7 d4 $1 19. h5 $6 Bf5 {(Bonch-Osmolovsky 50)}) (15. f4 Qe3 (
15... Qc7 $13) 16. f5 Rxg5 17. hxg5 $13) 15... Qh8 16. Qxh8 Rxh8 17. Nxc3 $10 (
17. Bg5 $5 e5 18. Bf6 Rg8 (18... Rh6 $2 19. Bg7 Re6 20. h5 e4 21. Bb5 $18) 19.
Bh7 $1 (19. h5 e4) 19... Rxg2 20. Kf1 (20. h5 $5) 20... Rg4 21. h5 (21. f3 Rc4
22. h5 (22. Bd3 Rc5 23. Ng3 {[%cal Gh4h8]}) 22... Bf5 23. Bxf5 Nxf5 24. h6 Kd7
$5 (24... Ne3+ $2 25. Kf2 Nxc2 26. h7 Kd7 27. Rag1 $18) 25. h7 Ke6 26. h8=Q
Rxh8 27. Bxh8 d4 28. Kf2 b5 $13) 21... Kd7 22. f3 Ra4 23. h6 Ke6 24. Bg7 Bd7
25. Bd3 Nb4 26. Nxc3 Ra5 27. h7 Nxd3 28. cxd3 Nf5 $13) 17... e5 18. Bg5 e4 19.
Bb5 Be6 20. O-O-O a6 21. Bxc6+ bxc6 22. f3 exf3 23. gxf3 Rb8 24. Rd4 Kd7 25.
Ra4 Ra8 26. Rd1 Nf5 27. Ne4 Kc7 28. Nc5 Kb6 29. Nd3 (29. Nxe6 fxe6 30. Re1 Rae8
$13) 29... c5 $17 30. Kd2 Kb5 31. Rf4 d4 32. Rb1+ Kc6 33. Ne5+ Kd5 34. Nxf7
Rhf8 35. Nh6 Nxh6 36. Bxh6 Rxf4 37. Bxf4 Rf8 38. Bc7 Rxf3 39. Rb6 Bf5 40. Rxa6
(40. Rf6 c4) 40... Rf2+ 41. Kd1 Kc4 42. Bd8 Rh2 43. Ra4+ Kc3 44. Ba5+ Kb2 45.
Rc4 Bg4+ 46. Ke1 Re2+ 47. Kf1 Rxc2 48. Rxc2+ Kxc2 49. Kf2 c4 0-1